Statistiques concernant Drapeaux des pays qui bordent la Russie

Cliquez ici pour prendre le quiz!

Statistiques générales

  • Ce quiz a été pris 3,024 fois
  • Le résultat moyen est 11 sur 14

Statistiques - réponses

Drapeau Pays % Correct
Chine
99%
Finlande
96%
Ukraine
94%
Norvège
93%
Pologne
91%
Estonie
87%
Géorgie
82%
Kazakhstan
79%
Corée du Nord
75%
Lettonie
74%
Biélorussie
73%
Lituanie
70%
Mongolie
67%
Azerbaïdjan
61%

Distribution des résultats

Percentile by Number Answered

% des personnes avec chaque résultat

Votre développement - résultats

Vous n’avez pas pris ce quiz